| 000 | 00638nam a2200181Ia 4500 | ||
|---|---|---|---|
| 008 | 090630s9999 xx 000 0 und d | ||
| 082 | _b3750 | ||
| 100 | _aकालेलकर मधुसुदन. | ||
| 245 |
_aअपराध मीच केला. _cकालेलकर मधुसुदन. |
||
| 260 |
_bरंजना. _c1970 |
||
| 300 | _a103 | ||
| 600 | _aकालेलकर मधुसुदन. | ||
| 630 | _aअपराध मीच केला. | ||
| 655 | _aनाटक. | ||
| 700 | _aकालेलकर मधुसुदन. | ||
| 730 | _aअपराध मीच केला. | ||
| 942 | _cBOOK | ||
| 999 |
_c255606 _d255606 |
||